Skylines de différentes villes en 3D - Statistiques

Statistiques générales
  • Ce quiz a été pris 89 fois
  • Le résultat moyen est 9 sur 15
Statistiques - réponses
Par images Réponse % Correct
Paris
100%
Sydney
100%
New York
97%
Shanghai
83%
Dubai
82%
Londres
81%
Toronto
71%
Los Angeles
68%
Pékin
58%
Singapour
39%
Istanbul
36%
Moscou
34%
Le Cap
31%
Bangkok
29%
Sao Paulo
17%
Aucun quiz correspondant
Distribution des résultats
% des personnes avec chaque résultat
Percentile par nombre de réponses
Votre historique - résultats
Vous n’avez pas pris ce quiz